书目信息 |
| 题名: |
施工企业管理
|
|
| 作者: | 《施工企业管理》编写组编 | |
| 分册: | 下册 | |
| 出版信息: | 北京 冶金工业出版社 1990.3 |
|
| 页数: | 434页 | |
| 开本: | 20cm | |
| 丛书名: | ||
| 单 册: | ||
| 中图分类: | F407.96 | |
| 科图分类: | ||
| 主题词: | 建筑企业-企业管理 , 企业管理-建筑企业 | |
| 电子资源: | ||
| ISBN: | 7-5024-0405-8 | |
| 000 | 00696nam 2200229 45 | |
| 001 | 0190005937 | |
| 005 | 20060810110032.85 | |
| 010 | @a7-5024-0405-8@dCNY8.80 | |
| 100 | @a19901114d1990 em y0chiy0121 ea | |
| 101 | 0 | @achi |
| 102 | @aCN@b110000 | |
| 105 | @ay z 000yy | |
| 200 | 10 | @a施工企业管理@ASHI GONG QI YE GUAN LI@h下册@f《施工企业管理》编写组编@F《 SHI GONG QI YE GUAN LI 》 BIAN XIE ZU BIAN |
| 205 | @a2版 | |
| 210 | @a北京@c冶金工业出版社@d1990.3 | |
| 215 | @a434页@d20cm | |
| 540 | 1 | @a施工 企业管理@ASHI GONG QI YE GUAN LI |
| 606 | @a建筑企业-企业管理 | |
| 606 | @a企业管理-建筑企业 | |
| 690 | @aF407.96 | |
| 801 | 0 | @aCN@bTSSF@c20060810 |
| 905 | @a10447@dF407.96@e169:2=2 | |
| 施工企业管理.下册/《施工企业管理》编写组编.-2版.-北京:冶金工业出版社,1990.3 |
| 434页;20cm |
| ISBN 7-5024-0405-8:CNY8.80 |
| ● |
| 相关链接 |
|
|
|
|
正题名:施工企业管理
索取号:F407.96/169:2=2
 
预约/预借
| 序号 | 登录号 | 条形码 | 馆藏地/架位号 | 状态 | 备注 |
| 1 | 0448396 | 204483969 | 密集书库/ [索取号:F407.96/169:2=2] | 在馆 |